Tous les entraîneurs ayant remporté la Ligue des Champions de (-1993) - Statistiques

Statistiques générales
  • Ce quiz a été pris 194 fois
  • Le résultat moyen est 13 sur 29
Statistiques - réponses
Hint Réponse % Correct
2016 Zinédine Zidane
93%
2017 Zinédine Zidane
93%
2018 Zinédine Zidane
93%
2003 Carlo Ancelotti
72%
2007 Carlo Ancelotti
72%
2014 Carlo Ancelotti
72%
2019 Jürgen Klopp
70%
2004 José Mourinho
68%
2010 José Mourinho
68%
2021 Thomas Tuchel
66%
2009 Josep Guardiola
58%
2011 Josep Guardiola
58%
2015 Luis Enrique
51%
2020 Hansi Flick
40%
1999 Alex Ferguson
36%
2005 Rafael Benítez
36%
2012 Roberto Di Matteo
30%
1998 Jupp Heynckes
29%
2013 Jupp Heynckes
29%
2006 Frank Rijkaard
28%
2008 Sir Alex Ferguson
26%
1993 Raymond Goethals
25%
2000 Vicente del Bosque
21%
2002 Vicente del Bosque
21%
1996 Marcello Lippi
19%
1994 Fabio Capello
16%
1995 Louis van Gaal
16%
1997 Ottmar Hitzfeld
10%
2001 Héctor Cúper
0%
Aucun quiz correspondant
Distribution des résultats
% des personnes avec chaque résultat
Percentile par nombre de réponses
Votre historique - résultats
Vous n’avez pas pris ce quiz